000 00880nam a22002777a 4500
001 000514
003 DO-SdBNP
005 20230523122445.0
007 000514
008 160920b 2009 cl ||||| |||| 00| 0 spa d
020 _a9789562395977
040 _aBPMSU
_bspa
_cBPMSU
082 4 _a158.2
_bP723i 2009
_222
100 1 _aPlaza, Javiera de la
245 1 3 _aLa inteligencia asertiva :
_ben la empresa y el trabajo /
_cJaviera de la Plaza.
250 _a2a. ed
260 _aSantiago de Chile :
_bAguilar,
_c2009.
300 _a216 p. ;
_c24 cm.
500 _aIncluye datos biográficos de la autora en la solapa de la cubierta.
590 _6Inventariado, 2023/VM
650 4 _aAsertividad (Psicología)
650 4 _aActitud (Psicología )
650 4 _aIintelegencia emocional
910 _aLOPEREZ/ VMateo V. Control de calidad.
942 _2ddc
_cBK
999 _c11465
_d11465